000 00784cam a2200229 a 4500
001 000013866
005 20260219111624.0
008 721115s1946 nyu 000 0 spa
040 _aDO-SdBNP
_bspa
_cLC
_dBNPHU
082 _a327.7
_bW577a
100 1 _aWhitaker, Arthur Preston,
_d1895-
_931401
245 1 4 _aLas Américas y un mundo en crisis /
_cArthur P. Whitaker ; traducción Ernesto Montenegro.
260 _aNueva York :
_bLancaster Press,
_c1946.
300 _a366 p. ;
_c19 cm.
490 1 _aBiblioteca Interamericana,
_v15
650 0 _aPanamericanismo
_97149
650 0 _aCooperación internacional
_91240
700 1 _aMontenegro, Ernesto,
_etr.
_931402
830 0 _aBiblioteca Interamericana,
_v15
_931403
910 _aCatalogación por copia / LC
049 _aBNGR
999 _c13473
_d13473